000 01120cam a22002054a 4500
005 20250605164129.0
008 250528s ||||||||||||||||||||||||d
035 _a18591
020 _a442317360
040 _aGR-AtMCL
_bgre
_dGR-AtMCL
_eAACR2
245 1 _aModern Bacterial Taxonomy
260 _bVan Nostrand Reinhold,
_c1986
300 _a148
520 _aThe text comprises eight chapters, dealing with classification, numerical taxonomy, chemosystematics and molecular biology, phylogenetics, nomenclature, identification, the interaction between taxonomy and allied subjects (namely biotechnology, culture collections, ecology, genetics and pathology) and a final ''outlook'' chapter. Preface, Introduction, Classification, Numerical Taxonomy, Chemosystematics and Molecular Biology, Phylogenetics, Nomenclature, Identification and Diagnosis, Interactions Between Taxonomy and Allied Disciplines, Conclusions and Outlook, Glossary, Appendix 1: Classification of Bacteria, Index.
700 1 _aAustin Brian
_94853
700 1 _aPriest Fergus
_94854
942 _cBK
999 _c3940
_d3940